Escher the complete graphic work (Registro nro. 71205)

Detalles MARC
000 -ENCABEZADO
Número de control [NR] 01050nam a2200301Ia 4500
008 - DE LONGITUD FIJA DE DATOS DE ELEMENTOS - INFORMACIÓN GENERAL
Elementos de longitud fija [NR] 130821s1982 enka gr deng
020 ## - NUMERO INTERNACIONAL NORMALIZADO PARA LIBROS [R]
Número Internacional Normalizado del libro [NR] 050027696X
040 ## - FUENTE DE CATALOGACION [NR]
Agencia de catalogación original [NR] Co-BoUCM
Idioma de catalogación [NR] spa
041 00 - CODIGO DE IDIOMA [R]
Código de idioma para texto/pista de sonido o título separado [R] Inglés
100 1# - ASIENTO PRINCIPAL--NOMBRE PERSONAL [NR]
Nombre personal [NR] Bool F.H.
ID Autoridad 167899
245 10 - MENCION DE TITULO [NR]
Título [NR] Escher the complete graphic work
Mención de responsabilidad, etc. [NR] F.H. Bool ... [et al.]
260 ## - PUBLICACION, DISTRIBUCION, ETC. (PIE DE IMPRENTA) [R]
Lugar de publicación, distribución, etc. [R] Londres (Inglaterra)
Nombre del editor, distribuidor, etc. [R] Thames and Hudson
Fecha de publicación, distribución, etc. [R] c1982
300 ## - DESCRIPCION FISICA [R]
Extensión [R] 349 páginas
Otros detalles físicos [NR] ilustraciones (algunas en color)
504 ## - NOTA DE BIBLIOGRAFIA, ETC. [R]
Nota de bibliografía, etc. [NR]
600 10 - ASIENTO SECUNDARIO DE MATERIA - NOMBRE PERSONAL [R]
Nombre personal [NR] Escher, M. C.
Forma más completa del nombre [NR] (Maurits Cornelius)
Fechas asociadas con el nombre [NR] 1898-1972
9 (RLIN) 167900
650 04 - ASIENTO SECUNDARIO DE MATERIA - TERMINO TEMATICO [R]
Término temático o nombre geográfico como elemento de entrada [NR] Arte
9 (RLIN) 9444
650 04 - ASIENTO SECUNDARIO DE MATERIA - TERMINO TEMATICO [R]
Término temático o nombre geográfico como elemento de entrada [NR] Artistas alemanes
Subdivisión de forma [R] Biografías
9 (RLIN) 9577
650 04 - ASIENTO SECUNDARIO DE MATERIA - TERMINO TEMATICO [R]
Término temático o nombre geográfico como elemento de entrada [NR] Dibujo alemán
9 (RLIN) 13208
700 1# - ASIENTO SECUNDARIO - NOMBRE PERSONAL [R]
Nombre personal [NR] Ernst, Bruno
9 (RLIN) 82716
700 1# - ASIENTO SECUNDARIO - NOMBRE PERSONAL [R]
Nombre personal [NR] Kist, J.R.
9 (RLIN) 167901
700 1# - ASIENTO SECUNDARIO - NOMBRE PERSONAL [R]
Nombre personal [NR] Langham, Tony
Término de relación [R]
9 (RLIN) 167902
700 1# - ASIENTO SECUNDARIO - NOMBRE PERSONAL [R]
Nombre personal [NR] Locher, J.L.
Término de relación [R]
9 (RLIN) 167903
700 1# - ASIENTO SECUNDARIO - NOMBRE PERSONAL [R]
Nombre personal [NR] Plym, Peters
Término de relación [R]
9 (RLIN) 167904
700 1# - ASIENTO SECUNDARIO - NOMBRE PERSONAL [R]
Nombre personal [NR] Wierda, F.
9 (RLIN) 167905
765 0# - ASIENTO DE IDIOMA ORIGINAL [R]
Título [NR] leven en werk von M.C. Escher.
942 ## - ELEMENTOS DE ENTRADA AGREGADOS (KOHA)
Tipo de ítem principal el descrito en 300a Libro
Tema principal Arte
Edición 1
Parte restante de la signatura top. B724e
Sistema de clasificación DEWEY
Clasificación 769.92
Existencias
Fecha de último préstamo Total préstamos Total Renewals Signatura topográfica Código de barras Última vez visto Ejemplar Price effective from Tipo de ítem Nota pública (OPAC) Perdido Sistema de clasificación Dañado No prestable Tipo de ítem específico Suprimido Ubicación habitual Ubicación actual Localización Fecha de creación Forma de adquisición Costo
23/06/2017 3 1 769.92 B724e 100111473 13/12/2024 Ej.1 03/02/2013 Libro Spot Artes Visuales   DEWEY     Libro   Claustro Claustro Mezanine 28/02/2013 Donación 26000.00